| 000 | 01060nam a2200289Ia 4500 | ||
|---|---|---|---|
| 003 | OSt | ||
| 005 | 20221007125128.0 | ||
| 006 | a|||||r|||| 00| 0 | ||
| 007 | ta | ||
| 008 | 221006b |||||||| |||| 00| 0 eng d | ||
| 020 |
_a8185731004 (hbd) _cRs 560.00 |
||
| 024 | _a4715 | ||
| 037 |
_bEducational, _cTextual |
||
| 040 |
_aCDL _cCDL _beng |
||
| 041 |
_2eng _aeng |
||
| 082 | _aLZ3:(E), N6 | ||
| 100 |
_aSingh Harkishan _9721594 |
||
| 245 | 0 |
_aMedicinal and pharmaceutical chemistry by Harkishan Singh and V K Kapoor _b Kapoor V K |
|
| 260 |
_aDelhi _bVallabh Prakashan _c1996 |
||
| 300 |
_aviii,671p _ccm. |
||
| 500 | _aAppendix 619-633p; Index 635-671p; ^n23/CSL/Carc/97-98/4850^d1997-11-24^mPurchase; ; 97-98/255^b1998-01-19^cEBA/179/97-98^d1997-11-24^eEducational Book Agency (India); ; 1998-02-09^bSB^c1998-02-12^dSB^r1998-05-15 | ||
| 650 | _a Chemistry | ||
| 650 | _aPharmacology | ||
| 700 | _a Kapoor V K | ||
| 942 |
_hLZ3:(E), N6 _cTEXL _2CC |
||
| 999 |
_c1214734 _d1214734 |
||